| 000 | 00565nam a22002057a 4500 | ||
|---|---|---|---|
| 003 | OSt | ||
| 005 | 20140310181735.0 | ||
| 008 | 130319t xxu||||| |||| 00| 0 eng d | ||
| 020 | _a1863094877 | ||
| 050 |
_aAG 243 _b.St897 1997 |
||
| 082 |
_aTR 133.21 _bSt81 1997 |
||
| 245 |
_aStrange but true? : _binsight into bizarre phenomena of all kinds/ |
||
| 260 |
_aAustralia : _bThe Book Company Int'l Ltd, _c1997. |
||
| 300 |
_a127 p. : _c21 cm. |
||
| 520 | _a1. Parapsychology | ||
| 521 | _aFaculty | ||
| 541 | _j1 | ||
| 562 | _e1 | ||
| 942 |
_2lcc _cBK-TR _kTR |
||
| 999 |
_c2548 _d2548 |
||